000 00320nam a2200157Ia 4500
100 _aPillay/Manicavachagen
250 _a11
942 _cBK
654 _aalgebra
245 _aAlgebra
260 _bS.Vishwanathan Pvt Ltd
_aMadras
_c1987
082 _a512
_bPIL
300 _a351
546 _aENGLISH
999 _c24750
_d24750